Estadísticas para Mapa de Ciudades Comenzando con "L"

Haz click aquí para intentar la prueba.

Estadísticas generales

  • Esta prueba ha sido intentada 2.843 veces
  • La puntuación promedio es 15 de 27

Respuestas en el mapa

Las respuestas están codificadas por una escala verde-roja en el mapa de la prueba según el % correcto abajo.
 

Estadísticas de respuestas

Ciudad% Correcto
Lisboa
96%
Lima
95%
Londres
92%
Los Ángeles
90%
La Habana
88%
La Paz
86%
La Valeta
75%
Lyon
73%
La Coruña
71%
Liubliana
71%
Las Vegas
66%
Luanda
64%
Las Palmas
60%
Lagos
56%
Leeds
47%
Lusaka
46%
Libreville
44%
Lilongüe
42%
Lúxor
41%
Lila
40%
Lahore
35%
Leipzig
34%
Limerick
27%
Leópolis
24%
Lhasa
21%
Lárnaca
19%
Lucknow
14%

Distribución de puntuación

Porcentaje por número respondido

Porcentaje de gente con cada puntuación

Historial de tus puntuaciones

No has intentado esta prueba.